000 00863nam a2200253 i 4500
003 DO-SdBNP
005 20240502094959.0
007 ta
008 231030b2016 dr a|||| |||| 00| 0 spa d
040 _aDO-SdBNP
_bspa
_cBNPHU
_erda
082 4 _222
100 1 _aCastro, Fidel
_d 1926-2016
_eautor
_916971
245 1 0 _aFidel en abril, 1965 /
_cFidel Castro ; presentación, Iván Rodríguez Pilier
264 _aSanto Domingo :
_bCampaña Dominicana de solidaridad con Cuba,
_c2016.
300 _a64 páginas :
_bilustraciones ;
_c21 cm.
336 _2rdacontent
_atexto
_btxt
337 _2rdamedia
_asin mediación
_bn
338 _2rdacarrier
_avolumen
_bnc
490 _aCampaña Dominicana de solidaridad con Cuba
_v6
590 _anventariado, 2023/BT
700 _aRodríguez Pilier, Iván,
_epresentación
_981775
910 _aBtavárez
942 _2ddc
_cLBS1
999 _c55344
_d55344